000 00312nam a2200157Ia 4500
100 _aNarayan/R.K
650 _aFiction
942 _cBK
366 _f17.5
245 _aMalgudi Adventures
260 _bPuffin books
_c2004
082 _a808.83/NAR
_bNAR
300 _a270
546 _aENGLISH
999 _c33146
_d33146